000 00376pab a2200157 454500
008 180718b2004 xxu||||| |||| 00| 0 eng d
100 _aEvans, Tim
245 _aConservative economics and globalisation
260 _c2004
300 _ap.383-85.
362 _aOct-Dec
650 _aGlobalization
650 _aEconomics
773 _aPolitical Quarterly
909 _a65913
999 _c65913
_d65913